"Unsere Wünsche!" : ein Cyclus von sieben Vorträgen für die drei Feste.
Saved in:
| Main Author: | |
|---|---|
| Format: | Book |
| Language: | German |
| Published: |
Frankfurt a.M. :
Franz Benjamin Aussarth,
1860.
|
| Subjects: | |
| Tags: |
Add Tag
No Tags, Be the first to tag this record!
|
| LEADER | 00600nam a22002057u 4500 | ||
|---|---|---|---|
| 001 | 000072912-4 | ||
| 005 | 20170920020716.0 | ||
| 008 | 821103|1860 gw |||||||||||||||||ger|| | ||
| 035 | 0 | |a ocm79833857 | |
| 035 | 0 | |a ocn237851803 | |
| 100 | 1 | |a Stein, Leopold, |d 1810-1882. | |
| 245 | 1 | 0 | |a "Unsere Wünsche!" : |b ein Cyclus von sieben Vorträgen für die drei Feste. |
| 260 | |a Frankfurt a.M. : |b Franz Benjamin Aussarth, |c 1860. | ||
| 300 | |a 99 p. | ||
| 650 | 0 | |a Jewish sermons, German. | |
| 650 | 0 | |a Shemini Atzeret. | |
| 650 | 0 | |a Sukkot sermons. | |
| 650 | 0 | |a High Holiday sermons. | |
| 988 | |a 20020608 | ||
| 906 | |0 MH | ||


